Sześć stopni oddalenia – Miasta Polski - Statystyki

Ogólne statystyki
  • Ten quiz został rozwiązany 40 razy
  • Średni wynik to 9 z 24
Statystyki odpowiedzi
Kolor Pytanie Odpowiedź % Poprawnych
Zielony Stolicą województwa świętokrzyskiego jest miasto… Kielce
100%
Niebieski Zimowa stolica Polski to… Zakopane
78%
Czerwony Najbardziej na wschód wysunięte miasto Polski to… Hrubieszów
59%
Czerwony Która leży w województwie, którego siedzibą jest… Białystok
49%
Czerwony Który jest siedzibą powiatu na literę H, tak jak… Hajnówka
49%
Zielony Którego największy majonezowy konkurent znajduje się w… Kalisz
46%
Niebieski Od których najbardziej oddalonym polskim miastem jest… Świnoujście
46%
Żółty Które jest drugim największym miastem województwa śląskiego na literę Z, gdzie pierwsze to… Zabrze
43%
Niebieski Które jest miastem powiatowym w powiecie nazwanym od pasma górskiego, jak… Ustrzyki Dolne
41%
Niebieski Którego częścią w latach 1973-1984 były… Międzyzdroje
38%
Czerwony Która posiada 3 lotniska pasażerskie, gdzie Modlin będący jednym z nich, leży w… Nowy Dwór Mazowiecki
38%
Zielony Które jest siedzibą powiatu o tej samej nazwie, co powiat z siedzibą w… Ostrów Mazowiecka
38%
Zielony Którego mieszkańcy mają kosę z mieszkańcami… Ostrów Wielkopolski
38%
Czerwony Gdzie urodził się Ludwik Zamenhof, który zmarł w… Warszawa
38%
Żółty W którym leży ujście Warty, której źródło znajduje się w… Zawiercie
38%
Żółty Które sąsiaduje bezpośrednio na zachodzie z… Gliwice
35%
Żółty W którym odbywa się obecnie Pol'and'Rock Festival, odbywający się do 2017 roku w… Kostrzyn nad Odrą
27%
Żółty Które są połączone kanałem wodnym z nadodrzańskim miastem… Kędzierzyn-Koźle
24%
Żółty Na południowym brzegu Jeziora Drawsko położony jest… Czaplinek
19%
Zielony Które ma te same pierwsze litery słów w nazwie, co… Ożarów Mazowiecki
16%
Czerwony Z którego na północ prowadzi zelektryfikowana linia kolejowa, krzyżująca się z inną taką w tym kierunku najbliżej w… Iława
11%
Niebieski W którego nazwie zawiera się nazwa wielkopolskiego miasta, jakim jest… Koło
11%
Niebieski Znajdujące się na jednym z końców DW 102, gdzie na drugim znajduje się… Kołobrzeg
11%
Zielony Którego kaszubskim miastem partnerskim są… Brusy
3%
Nie znaleziono quizów pasujących do podanych kryteriów
Rozkład punktacji
Procent ludzi z każdym wynikiem
Percentyl według liczby udzielonych odpowiedzi
Twoja historia wyników
Nie rozwiązałeś tego quizu